Shakespeare's (Record no. 186839)

000 -LEADER
fixed length control field 00337 a2200157 4500
003 - CONTROL NUMBER IDENTIFIER
control field Nust
005 - DATE AND TIME OF LATEST TRANSACTION
control field 20230529110920.0
040 ## - CATALOGING SOURCE
Transcribing agency Nust
082 ## - DEWEY DECIMAL CLASSIFICATION NUMBER
Classification number 808.82,HUD
100 ## - MAIN ENTRY--PERSONAL NAME
Personal name Hudson , Henru
9 (RLIN) 112742
245 ## - TITLE STATEMENT
Title Shakespeare's
Statement of responsibility, etc. Henery N Hudson
260 ## - PUBLICATION, DISTRIBUTION, ETC.
Place of publication, distribution, etc. USA
Name of publisher, distributor, etc. Ginn & Co
300 ## - PHYSICAL DESCRIPTION
Extent 196:p
650 ## - SUBJECT ADDED ENTRY--TOPICAL TERM
Topical term or geographic name entry element Drama
942 ## - ADDED ENTRY ELEMENTS (KOHA)
Source of classification or shelving scheme
Koha item type Book
Holdings
Withdrawn status Lost status Source of classification or shelving scheme Damaged status Not for loan Permanent Location Current Location Shelving location Date acquired Full call number Barcode Date last seen Price effective from Koha item type Public note
          Military College of Signals (MCS) Military College of Signals (MCS) General Stacks 12/12/2016 808.82,HUD MCS29665 12/08/2016 12/12/2016 Book Almirah No.56, Shelf No.6
© 2023 Central Library, National University of Sciences and Technology. All Rights Reserved.